American defense and national security /

Bibliographic Details
Main Author: Stanley, Timothy W.
Format: Book
Language:English
Published: Washington : Public Affairs Press, [1956]
Subjects:

MARC

Tag First Indicator Second Indicator Subfields
LEADER 00000cam a2200000 4500
001 in00000065132
005 20151008051224.0
008 751023s1956 dcu b 00110 eng
010 |a  56012472  
035 |a (OCoLC)01729229 
035 |9 AAG6551AM 
040 |a DLC  |c FQG  |d TXA  |d UtOrBLW 
049 |a TXAM  |c 1 [349846]  |a TXAS [mil]  |c 2 
050 0 0 |a UA23  |b .S67 1956 
082 0 |a 355 
092 |a 355  |b S789a 
100 1 |a Stanley, Timothy W. 
245 1 0 |a American defense and national security /  |c Timothy W. Stanley ; foreword by Robert Cutler. 
264 1 |a Washington :  |b Public Affairs Press,  |c [1956] 
264 4 |c ©1956 
300 |a viii, 202 pages ;  |c 24 cm. 
336 |a text  |b txt  |2 rdacontent 
337 |a unmediated  |b n  |2 rdamedia 
338 |a volume  |b nc  |2 rdacarrier 
504 |a Bibliography: pages 189-192. 
500 |a Includes index. 
610 2 0 |a National Security Council (U.S.) 
610 2 0 |a United States.  |b Department of Defense. 
651 0 |a United States  |x Politics and government  |y 20th century. 
999 |a MARS 
999 f f |s 1a95ad6b-aa3f-3352-bd03-b6533bade9d5  |i 170899e2-f87c-3ac7-aa5d-a77d3641c36a  |t 0 
952 f f |p ric  |a Texas A&M University  |b Rellis Campus  |c Joint Library Facility  |d Remote Storage  |t 0  |e UA23 .S67 1956  |h Library of Congress classification  |i unmediated -- volume  |m A14800802425 
952 f f |p noncirc  |a Texas A&M University  |b College Station  |c Cushing Memorial Library & Archives  |d Cushing: Ragan Military (Does not check out)  |t 0  |e UA23 .S67 1956  |h Library of Congress classification  |i unmediated -- volume 
998 f f |a UA23 .S67 1956  |t 0  |l Remote Storage 
998 f f |a UA23 .S67 1956  |t 0  |l Cushing: Ragan Military (Does not check out)